Dr. Seuss Trivia Quiz Stats

 Plays Quiz not verified by Sporcle

Support Sporcle.
Go Orange.
Score 0/8 Timer 07:00
0 Plays Today
Quote Answer % Correct
Why, that grinch even took the last can of.......Who Hash
80.7%
Sighed...., a lazy bird hatching an egg, Mayzie
54.2%
No more can they hum for their gills are all.....Gummed
43.4%
Stop telling such outlandish tales, stop turningMinnows into Whales
37.3%
All of them stepped on the head of poor.........Mack
34.9%
Then the little old worm gave his head a smallJerk
27.7%
I'll grow a tail better than.....Lolla-Lee-Lou
22.9%
I wish we could do what they do in.........Katroo
20.5%

You're not logged in!

Compare scores with friends on all Sporcle quizzes.
OR
Log In

From the Vault

What The Heck Am I Making?

by MrChewypoo

If you're making something, it's preferable to know the ingredients.
Remove Ads.
Support Sporcle.
Get the best of Sporcle when you Go Orange. This ad-free experience offers more features, more stats, and more fun while also helping to support Sporcle. Thank you for becoming a member.

Show Comments

Extras

Created Feb 27, 2011ReportNominate
Tags:Book Quiz, Quote Quiz, Dr Seuss, seuss

Top Quizzes Today


Score Distribution

Your Account Isn't Verified!

In order to create a playlist on Sporcle, you need to verify the email address you used during registration. Go to your Sporcle Settings to finish the process.

Report this User

Report this user for behavior that violates our Community Guidelines.

Details: